01421nam a22003734a 4500001001200000003000800012006001900020007001500039008004100054010001700095015001900112016002000131016001800151020002600169020002300195040002100218035002100239050002600260082001600286245014700302260004900449300005800498504005100556533015200607650001700759650000900776650002500785650002700810655002900837700002100866710001700887856012600904999001701030ebr10226724CaPaEBRm u cr cn|||||||||070924s2008 njuaf sb 001 0 eng  z 2007039289 aGBA7928152bnb7 z1013171222DNLM7 z0143415472Uk z9780470109915 (cloth) z0470109912 (cloth) aCaPaEBRcCaPaEBR a(OCoLC)64674300614aQH450.25b.R57 2008eb04a572.8/822200aRNA and DNA editingh[electronic resource] :bmolecular mechanisms and their integration into biological systems /cedited by Harold C. Smith. aHoboken, N.J. :bWiley-Interscience,cc2008. axxiii, 426 p., [12] p. of plates :bill. (some col.). aIncludes bibliographical references and index. aElectronic reproduction.bPalo Alto, Calif. :cebrary,d2013.nAvailable via World Wide Web.nAccess may be limited to ebrary affiliated libraries. 0aRNA editing. 0aDNA. 0aNucleotide sequence. 0aGenetic transcription. 7aElectronic books.2local1 aSmith, Harold C.2 aebrary, Inc.40uhttp://site.ebrary.com/lib/rucke/Doc?id=10226724zAn electronic book accessible through the World Wide Web; click to view c28756d28756